Uczestnicy Ligi Narodów UEFA 2024/2025 - Dywizja A - Statystyki

Ogólne statystyki
  • Ten quiz został rozwiązany 97 razy
  • Średni wynik to 13 z 16
Statystyki odpowiedzi
Grupa Reprezentacja % Poprawnych
A1 Polska
100%
A1 Portugalia
97%
A2 Francja
96%
A1 Szkocja
95%
A1 Chorwacja
94%
A2 Włochy
94%
A3 Holandia
88%
A4 Hiszpania
86%
A2 Belgia
84%
A3 Niemcy
82%
A4 Szwajcaria
81%
A4 Dania
70%
A3 Węgry
70%
A4 Serbia
66%
A2 Izrael
56%
A3 Bośnia i Hercegowina
53%
Nie znaleziono quizów pasujących do podanych kryteriów
Rozkład punktacji
Procent ludzi z każdym wynikiem
Percentyl według liczby udzielonych odpowiedzi
Twoja historia wyników
Nie rozwiązałeś tego quizu